Continental Extremes - Countries by Area Quiz Stats

 Plays Quiz not verified by Sporcle

Score 0/36 Timer 05:00
2 Plays Today
Continent Country % Correct
AsiaRussia (13.138 million sq. km, 75% of Russia)
97%
EuropeRussia (3.960 million sq. km, 25% of Russia)
97%
North AmericaCanada (9.985 million sq. km)
95.2%
North AmericaUnited States (9.832 million sq. km)
95.1%
AsiaChina (9.563 million sq. km)
94.9%
South AmericaBrazil (8.516 million sq. km)
93.5%
OceaniaAustralia (7.641 million sq. km)
93.3%
North AmericaMexico (1.964 million sq. km)
92.7%
South AmericaArgentina (2.780 million sq. km)
90.9%
OceaniaNew Zealand (269 thousand sq. km)
89.9%
EuropeVatican City (0.44 sq. km)
87.1%
AsiaIndia (3.287 million sq. km)
86.5%
EuropeFrance (549 thousand sq. km)
84.2%
AfricaAlgeria (2.382 million sq. km)
83.1%
South AmericaPeru (1.285 million sq. km)
81.9%
EuropeUkraine (604 thousand sq. km)
81.6%
EuropeMonaco (2.20 sq. km)
80.8%
EuropeSan Marino (60 sq. km)
80.4%
Continent Country % Correct
AfricaDemocratic Republic of the Congo (2.345 million sq. km)
77%
South AmericaSuriname (164 thousand sq. km)
75.7%
South AmericaGuyana (215 thousand sq. km)
74.5%
AfricaSudan (1.866 million sq. km)
73%
OceaniaPapua New Guinea (463 thousand sq. km)
72.7%
South AmericaUruguay (176 thousand sq. km)
71.1%
AsiaSingapore (719 sq. km)
65.2%
AfricaSeychelles (460 sq. km)
63.5%
OceaniaNauru (20 sq. km)
62.9%
North AmericaSaint Kitts and Nevis (260 sq. km)
62.4%
AfricaSão Tomé and Príncipe (960 sq. km)
60.6%
OceaniaTuvalu (30 sq. km)
59.9%
AfricaMauritius (1.860 thousand sq. km)
58.4%
North AmericaSaint Vincent and the Grenadines (390 sq. km)
56.5%
AsiaBahrain (778 sq. km)
55.4%
AsiaMaldives (300 sq. km)
55%
North AmericaGrenada (340 sq. km)
53.9%
OceaniaMarshall Islands (180 sq. km)
52.3%

You're not logged in!

Compare scores with friends on all Sporcle quizzes.
OR
Log In

Sporcle TV

Today on Sporcle TV


Watch our educational content, quiz creation guides, and fun videos on Sporcle TV.

Show Comments

Extras

Top Quizzes Today


Score Distribution

Your Account Isn't Verified!

In order to create a playlist on Sporcle, you need to verify the email address you used during registration. Go to your Sporcle Settings to finish the process.

Report this User

Report this user for behavior that violates our Community Guidelines.

Details: